Το Μέλλον Τώρα / Το ΥΓΕΙΑ Πρωτοπορεί στην Εξέλιξη της Χειρουργικής Επενδύοντας σε Εξοπλισμό και Τεχνολογίες Ρομποτικής (Record no. 9575)
[ view plain ]
| 000 -LEADER | |
|---|---|
| fixed length control field | 02731cam a22001814a 4500 |
| 005 - ΗΜΕΡΟΜΗΝΙΑ ΚΑΙ ΩΡΑ ΤΕΛΕΥΤΑΙΑΣ ΕΝΗΜΕΡΩΣΗΣ | |
| Πεδίο ελέγχου | 20250605164403.0 |
| 008 - FIXED-LENGTH DATA ELEMENTS--GENERAL INFORMATION | |
| Πεδίο ελέγχου σταθερού μήκους | 250528s ||||||||||||||||||||||||d |
| 035 ## - SYSTEM CONTROL NUMBER | |
| System control number | 24710 |
| 040 ## - ΠΗΓΗ ΚΑΤΑΛΟΓΟΓΡΑΦΗΣΗΣ | |
| Φορέας πρωτότυπης καταλογογράφησης | MC Athens Campus Library |
| Γλώσσα καταλογογράφησης | Ελληνικά, Μοντέρνα (1453-) |
| Modifying agency | MC Athens Campus Library |
| Κανόνες περιγραφικής καταλογογράφησης | AACR2 |
| 245 1# - ΤΙΤΛΟΣ ΚΑΙ ΔΗΛΩΣΗ ΥΠΕΥΘΥΝΟΤΗΤΑΣ | |
| Τίτλος | Το Μέλλον Τώρα / Το ΥΓΕΙΑ Πρωτοπορεί στην Εξέλιξη της Χειρουργικής Επενδύοντας σε Εξοπλισμό και Τεχνολογίες Ρομποτικής |
| 260 ## - PUBLICATION, DISTRIBUTION, ETC. | |
| Name of publisher, distributor, etc. | Creative Concept, |
| Date of publication, distribution, etc. | 2022 |
| 300 ## - PHYSICAL DESCRIPTION | |
| Extent | 120 |
| 520 ## - SUMMARY, ETC. | |
| Summary, etc. | Διακοπή Καπνίσματος: Χρήσιμες Συμβουλές, Λαρρυγγοφαρυγγική Παλινδρόμηση, Alzheimer: Τι Γνωρίζουμε για τη Νόσο Σήμερα, Τροφική Δηλητηρίαση ή Γαστρεντερίτιδα, Δερματοσκόπηση: Έγκαιρη Διάγνωση του Δερματικού Καρκίνου, Η Συμβολή της Απεικόνισης στη Χειρουργική, Σύμπλοκες Αγγειοπλαστικές Στεφανιαίων Αρτηριών, Σύνδρομο Ευερέθιστου Εντέρου: Διατροφική Αντιμετώπιση, ΑΦΙΕΡΩΜΑ: Το Μέλλον Τώρα: Η Εξέλιξη της Χειρουργικής στο ΥΓΕΙΑ, Αφαίρεση Καλοήθων Μορφωμάτων Μαστού με Αναρρόφηση, Σχιστίες Χείλους και Φατνίου και Υπερώας: Πρωτοποριακή Αντιμετώπιση, Κακώσεις της Μύτης στα Παιδιά, Αποφρακτικές Πνευμονοπάθειες: Χ.Α.Π. - ΆΣΘΜΑ - Βρογχεκτασίες, Οι Πρώτες Μέρες του Μωρού στο Σπίτι, ALL INSIDE: Τεχνική Αποκατάστασης Ρήξης Πρόσθιου Χιαστού, Εμβρυϊκό Υπερηχογράφημα: Πότε Διενεργείται και Γιατί, Βιταμίνη D: Στα Βρέφη και στα Νήπια, Αντι-Μυλλέριος Ορμόνη (amb): Ο Ρόλος της στην Αναπαραγωγή, Αμνιοπαρακέντηση: Ενδείξεις και Οφέλη και Κίνδυνοι, Κύηση και COVID-19, Λειτουργική Ρινοπλαστική: Όλα Όσα Πρέπει να Γνωρίζετε, Ενδομητρίωση: Μια Ύπουλη Νόσος, Ογκίδια Μαστού: Στην Εγκυμοσύνη και στον Θηλασμό, Συμπτωματική Χολολιθίαση κατά τη Διάρκεια της Εγκυμοσύνης. |
| 700 1# - ΠΡΟΣΘΕΤΗ ΑΝΑΓΡΑΦΗ--ΦΥΣΙΚΟ ΠΡΟΣΩΠΟ | |
| Personal name | Βασιλάκη Κατερίνα |
| 9 (RLIN) | 9488 |
| 942 ## - ADDED ENTRY ELEMENTS (KOHA) | |
| Koha item type | Περιοδικά Δημοσιεύματα |
| Τύπος τεκμηρίου | Βιβλιοθήκη | Τρέχουσα τοποθεσία | Barcode | Ημερομηνία απόκτησης | Ταξιθετικό σύμβολο | Αριθμός αντιτύπου | Αρίθμηση σειρών / χρονολογία | Κατάσταση απόσυρσης | Κατάσταση χαμένου | Κατάσταση κατεστραμμένου | Μη δανεισμός | Σύνολο δανεισμών | Ημερομηνία τελευταίας εμφάνισης | Η τιμή ισχύει από |
|---|---|---|---|---|---|---|---|---|---|---|---|---|---|---|
| Περιοδικά Δημοσιεύματα | MC Athens Campus Library | MC Athens Campus Library | 9780000095749 | 05/06/2025 | PHYSIOTHERAPY JOURNALS | 1 | 96 | 05/06/2025 | 05/06/2025 |